000 00734nam a2200229Ia 4500
003 OSt
005 20220926005405.0
006 a|||||r|||| 00| 0
007 ta
008 220923b |||||||| |||| 00| 0 eng d
037 _cGeneral Book
040 _aRTL
_cRTL
_beng
041 _2eng
_aeng
082 _aX:97.2.N8, M7
100 _aSharma Baldev R
245 0 _aNot by brad alone
_b A study of organisational clim
260 _a New Delhi
_bShri Ram Centre for industrial Relations and human Resources Publication
_c1987
300 _axv, 190p. Bib p175-86,Appendix chapterwise
_ccm.
650 _aIndustrial Relation
942 _hX:97.2.N8, M7
_cGB
_2CC
999 _c613647
_d613647